Responses for Show #2214 - Thursday, March 31, 1994

Contestants

[<< previous game]

Matt Dickey, a computer programmer from San Diego, California

Marie Leigh, a banker from Chicago, Illinois

Jack Horan, a school vice principal from Califon, New Jersey (whose 3-day cash winnings total $29,601)

[next game >>]

Jeopardy! Round responses

HISTORY
OLD RADIO KIDS
NAMES
PENNSYLVANIA
ARCHITECTURE
THE "LONG" & "SHORT" OF IT
(Alex: One, the other, or perhaps both will appear in each correct response.)
    $100 1
the Model T

Matt
    $100 24
Jack Armstrong

Jack
    $100 6
Bonnie

Matt
    $100 21
the Whiskey Rebellion

Marie
    $100 8
a dome

Matt
    $100 16
(Marie: What is stenography?)

shorthand

JackMarie
    $200 2
Mao Tse-tung

Jack
    $200 27
Little Orphan Annie

Jack
    $200 7
Jane

Jack
    $200 22
Lake Erie

Jack
    $200 9
a pagoda

Jack
    $200 17
shortstop

Jack
    $300 3
South Vietnam

Jack
    $300 28
(Marie: Um, no.)

Fibber McGee & Molly

Marie
Triple Stumper
    $300 13
the bear

Jack
    $300 23
the Johnstown Flood

Marie
    $300 10
Rome

Jack
    $300 18
longhorn

Matt
    $400 4
Japan

Matt
    $400 29
(Chester) Riley

Matt
    $400 14
Jennifer

Matt
    $400 25
anthracite

Jack
    $400 11
(Matt: What is Saudi Arabia?)

Israel

Matt
Triple Stumper
    $400 19
a longshoreman

Jack
    $500 5
Disraeli

Jack
    $500 30
Sky King

Jack
    $500 15
Elizabeth

Matt
    $1,000 26
the Alleghenies

Jack
    $500 12
(Alex: When in doubt, go for the biggest. What is [*]?)

Brazil

Triple Stumper
    $500 20
[Jack's response did not contain the leading article.]

"The Long And Winding Road"

Jack

Scores at the first commercial break (after clue 15):

Jack Marie Matt
$2,000 $0 $1,200

Scores at the end of the Jeopardy! Round:

Jack Marie Matt
$5,600 $0 $1,900

Double Jeopardy! Round responses

ARTISTS
BUSINESS NAME ORIGINS
WORLD FLAGS
10-LETTER WORDS
THEATRE
FRANKLIN PIERCE
    $200 1
Gainsborough

Matt
    $200 5
Standard Oil

Jack
    $200 21
communism

Jack
    $200 27
an apostrophe

Jack
    $200 11
Elizabeth Taylor

Jack
    $200 12
the Republican Party

Jack
    $400 2
Rodin

Marie
    $400 6
Coca-Cola

Matt
    $400 22
Haiti

Jack
    $400 28
Rockabilly

Jack
    $400 17
Pirates of Penzance

Marie
    $400 13
Franklin Pierce's vice president

Jack
    $600 3
Edward Lear

Matt
    $600 7
biscuit

Matt
    $600 23
the Protestants

Matt
    $600 26
(Marie: What is baptism?)

ordination

JackMarie
    $1,000 18
Ford's Theatre

Marie
    $600 14
the U.S. Senate

Triple Stumper
    $800 4
an anatomy lesson

Jack
    $800 9
Lufthansa

Jack
    $800 24
(Alex: And we have about a minute to go.)

Portugal

Marie
    $800 29
magistrate

Matt
    $800 19
(Jack: Who is Shaw?)

Oscar Wilde

JackMarie
    $800 15
Hawthorne

Jack
    $1000 8
Chagall

Jack
    $1000 10
Adidas

Jack
    $1000 25
Rwanda

Matt
    $3,000 30
the Pentateuch

Matt
    $1000 20
Of Thee I Sing

Triple Stumper
    $1000 16
the Gadsden Purchase

Jack

Scores at the end of the Double Jeopardy! Round:

Jack Marie Matt
$13,000 $2,800 $9,100

[wagering suggestions for these scores]

Final Jeopardy! Round responses

SCIENTISTS
MarieWho was Jonas Salk?
$1,200
MattWho was G.W. Carver
$4,000
JackWho was Ernest Rutherford?
$5,200
George Washington Carver

Final scores:

Jack Marie Matt
$7,800 $1,600 $13,100
2nd place: Broyhill bedroom set + RCA 27" TV 3rd place: Ross Simons bracelet New champion: $13,100

Game dynamics:

Coryat scores:

Jack Marie Matt
$12,500 $2,400 $7,100
32 R
(including 1 DD),
1 W
7 R
(including 1 DD),
3 W
16 R
(including 1 DD),
1 W

Combined Coryat: $22,000

[game clues] [game scores] [suggest correction]

Game tape date: 1993-12-14
The J! Archive is created by fans, for fans. Scraping, republication, monetization, and malicious use prohibited; this site may use cookies and collect identifying information. See terms. The Jeopardy! game show and all elements thereof, including but not limited to copyright and trademark thereto, are the property of Jeopardy Productions, Inc. and are protected under law. This website is not affiliated with, sponsored by, or operated by Jeopardy Productions, Inc. Join the discussion at JBoard.tv.